000 00766nam a2200253Ia 4500
003 OSt
005 20220928115102.0
006 a|||||r|||| 00| 0
007 ta
008 220927b |||||||| |||| 00| 0 eng d
020 _c6853.5
024 _a111456
037 _b70, 07/03/2011, Better Book Service
_cTextual
040 _aSDCL
_cSDCL
_beng
041 _2eng
_aeng
082 _aK871,7:f3, Q0
100 _aZhang Bing Ed.
_9442992
245 0 _aDrosophila neurobiology
_b A laboratory manual.
260 _aNew York
_b Cold Spring Haror Laboratory Press
_c2010
300 _ax,534p.
_ccm.
650 _aBiophysics
942 _hK871,7:f3, Q0
_cTEXL
_2CC
999 _c758160
_d758160